| Tag |
First Indicator |
Second Indicator |
Subfields |
| LEADER |
00000cam a2200000 i 4500 |
| 001 |
in00000463519 |
| 005 |
20151012163555.0 |
| 008 |
750321s1973 at b 00010 eng |
| 010 |
|
|
|a 75306381
|
| 015 |
|
|
|a Aus***
|
| 020 |
|
|
|a 0858831007 :
|c $14.00
|
| 035 |
|
|
|a (OCoLC)01288732
|
| 035 |
|
|
|9 ABZ6617AM
|
| 040 |
|
|
|a DLC
|c DLC
|d TXA
|d UtOrBLW
|
| 049 |
|
|
|a TXAM
|c [973058]
|
| 050 |
0 |
0 |
|a PL6601
|b .F7
|
| 082 |
0 |
|
|a 499/.12
|
| 100 |
1 |
|
|a Franklin, Karl J.
|q (Karl James)
|
| 245 |
1 |
4 |
|a The linguistic situation in the Gulf District and adjacent areas, Papua New Guinea /
|c by Karl Franklin.
|
| 264 |
|
1 |
|a Canberra :
|b Dept. of Linguistics, Research School of Pacific Studies, Australian National University,
|c 1973.
|
| 300 |
|
|
|a x, 597 pages ;
|c 26 cm.
|
| 336 |
|
|
|a text
|b txt
|2 rdacontent
|
| 337 |
|
|
|a unmediated
|b n
|2 rdamedia
|
| 338 |
|
|
|a volume
|b nc
|2 rdacarrier
|
| 490 |
1 |
|
|a Pacific linguistics : Series C ; no. 26
|
| 504 |
|
|
|a Includes bibliographies.
|
| 650 |
|
0 |
|a Papuan languages.
|
| 651 |
|
0 |
|a New Guinea
|x Languages.
|
| 830 |
|
0 |
|a Pacific linguistics.
|n Series C ;
|v no. 26.
|
| 999 |
|
|
|a MARS
|
| 999 |
f |
f |
|s 0443d57e-af8d-345b-930e-d7e10ddb366a
|i b448033b-7fc1-3e73-a203-e0e7440ae8e7
|t 0
|
| 952 |
f |
f |
|p ric
|a Texas A&M University
|b Rellis Campus
|c Joint Library Facility
|d Remote Storage
|t 0
|e PL6601 .F7
|h Library of Congress classification
|i unmediated -- volume
|m A14803650592
|
| 998 |
f |
f |
|a PL6601 .F7
|t 0
|l Remote Storage
|